LEADER 01301nam a2200277 i 4500 001 000000137427 003 CaOOAMICUS 005 20050413000000.0 008 050413s1981 it u000 u ita u 013 $a111202 040 $aSeMil$bita 100 1 $aManzoni, Alessandro,$d<1785-1873>.$0(OLS)http://semarc/name/1162 245 10$aScritti di teoria letteraria /$cAlessandro Manzoni ; note e traduzioni a cura di Adelaide Sozzi Casanova ; introduzione di Cesare Segre. 260 $aMilano :$bBiblioteca Universale Rizzoli,$c1981. 300 $a340 p. ;$c18 cm. 490 0 $aI classici della BUR ;$vL342 500 $aContiene : Nota bibliografica. 650 4$aManzoni, Alessandro <1785-1873> - Pensiero letterario.$0(OLS)http://semarc/subject/2360 700 1 $aSegre, Cesare,$d<1928-2014>.$0(OLS)http://semarc/name/3893 700 1 $aSozzi Casanova, Adelaide.$0(OLS)http://semarc/name/53769 830 2$aI classici della BUR ;$vL342.$0(OLS)http://semarc/title/13076 850 $aSeMil 852 $aSeMil$W1$xVenegono$y1$m1D I 4$j90973$B90973$CSeMilBibl$Z2$F95807 $81 961 $aLascito: Bidoglio don Maurizio 996 $6245$aScritti di teoria letteraria$9(OLS)http://semarc/title/200798 996 $6260$aMilano :$bBiblioteca Universale Rizzoli$9(OLS)http://semarc/publisher/31907 LEADER 00846nam a2200193 i 4500 001 000000236685 003 CaOOAMICUS 005 20141209000000.0 008 141209s1850 it u000 u ita u 013 $a215590 040 $aSeMil$bita 245 10$aVol. 13. ; Con appendice dei fatti interessanti la cristianità dal pontificato di Gregorio 16. all'anno 1851. 300 $a698 p. 773 0 $aHenrion, Mathieu-Richard-Auguste <1805-1862>$tStoria generale della chiesa.$dMilano : Angelo Bonfanti, 1843-1850.$g13$w()31086 850 $aSeMil 852 $aSeMil$W1$xVenegono$y1$m3B IV 77 FA$j187031$B187031$CSeMilBibl$Z2$F197813 $8I 941 1 $a10 961 $aRecupero: Mantegazza 996 $6245$aVol. 13. ; Con appendice dei fatti interessanti la cristianità dal pontificato di Gregorio 16. all'anno 1851$9(OLS)http://semarc/title/337284 LEADER 00608nam a2200169 i 4500 001 000000190535 003 CaOOAMICUS 005 20100621000000.0 008 100621s1904 it u000 u ita u 013 $a168948 040 $aSeMil$bita 245 10$aPratiche di pietà. 300 $aXI, 602 p. 773 0 $tScritti spirituali della venerabile Maria Bartolomea Capitanio, fondatrice delle Suore della Carità in Lovere.$gVolume2$w()23361 850 $aSeMil 852 $aSeMil$W1$xVenegono$y1$m3H II 209$j141152$B141152$CSeMilBibl$Z2$F152759 $81 996 $6245$aPratiche di pietà$9(OLS)http://semarc/title/274492 LEADER 01113nam a2200229 i 4500 001 000000203135 003 CaOOAMICUS 005 20230112162806.0 008 110617s1990 it u000 u mul u 040 $aSeMil$bita 245 00$aSacrari militari italiani all'estero (1ª G.M.) :$bCaporetto = Kobarid /$ca cura del Ministero della Difesa, commissariato generale per le onoranze ai Caduti in guerra. 264 1$a[S.l. :$bs.n.],$c1990$e(Roma :$fTipografia REAN,$g1990) 300 $a[8] p. ;$c24 cm. 500 $aTitolo dalla copertina. 650 4$aCimiteri di guerra italiani all'estero.$0(OLS)http://semarc/subject/36754 700 1 $aMinistero della Difesa : Commissariato generale per le onoranze ai Caduti in guerra.$0(OLS)http://semarc/name/93843 850 $aSeMil 852 $aSeMil$W1$xVenegono$y1$m5D X 17/23$j153631$B153631$CSeMilBibl$Z2$F164509 $81 961 $aOmaggio: Altro 996 $6245$aSacrari militari italiani all'estero (1ª G.M.) :$bCaporetto = Kobarid$9(OLS)http://semarc/title/294082 996 $6264$a[S.l. :$bs.n.]$9(OLS)http://semarc/publisher/29751